Технология соединения трубопроводов втулками из материалов с памятью формы; Проблемы геологии и освоения недр

Detalles Bibliográficos
Parent link:Проблемы геологии и освоения недр.— 2008.— С. 636-638
Autor Principal: Саруев А. Л. Алексей Львович
Outros autores: Закусов А. С. (научный руководитель), Варгамыдин В. С., Хохлов В. А., Саруев Л. А. Лев Алексеевич
Idioma:ruso
Publicado: 2008
Subjects:
Formato: MixedMaterials Capítulo de libro
KOHA link:https://koha.lib.tpu.ru/cgi-bin/koha/opac-detail.pl?biblionumber=179034

MARC

LEADER 00000naa2a2200000 4500
001 179034
005 20250213120459.0
035 |a (RuTPU)RU\TPU\book\194082 
090 |a 179034 
100 |a 20100414d2008 k y0rusy50 ca 
101 0 |a rus 
102 |a RU 
200 1 |a Технология соединения трубопроводов втулками из материалов с памятью формы  |f А. Л. Саруев, А. С. Закусов, В. С. Варгамыдин  |g науч. рук. В. А. Хохлов, Л. А. Саруев 
320 |a Библиогр.: 3 назв. 
463 0 |0 (RuTPU)RU\TPU\book\164908  |y 5-89503-079-3  |t Проблемы геологии и освоения недр  |o труды XII Международного симпозиума имени академика М. А. Усова студентов и молодых ученых, посвященного 100-летию первого выпуска горных инженеров в Сибири и 90-летию создания Сибгеолкома в России  |f Томский политехнический университет (ТПУ), Институт геологии и нефтегазового дела (ИГНД)  |v С. 636-638  |d 2008 
610 1 |a трубопроводы 
610 1 |a втулки 
610 1 |a материалы с памятью формы 
610 1 |a термомеханические соединения 
610 1 |a труды учёных ТПУ 
700 1 |a Саруев  |b А. Л.  |c специалист в области нефтегазового дела  |c доцент Томского политехнического университета, кандидат технических наук  |f 1974-  |g Алексей Львович  |3 (RuTPU)RU\TPU\pers\26166  |9 11975 
701 1 |a Закусов  |b А. С. 
701 1 |a Варгамыдин  |b В. С. 
702 1 |a Хохлов  |b В. А.  |4 727 
702 1 |a Саруев  |b Л. А.  |c горный инженер  |c профессор Томского политехнического университета, доктор технических наук  |f 1940-  |g Лев Алексеевич  |4 727 
801 1 |a RU  |b 63413507  |c 20100414 
801 2 |a RU  |b 63413507  |c 20160606  |g RCR 
942 |c BK